000 01517nam a2200361 i 4500
001 177699
003 ES-MaACL
005 20250804062632.0
008 110413s1957 sp fo |||| | spa d
080 _a821.134.2-31"18"
245 0 4 _aLas mejores novelas contemporáneas.
_nI,
_p(1895-1899) /
_cselección y estudios de Joaquín de Entrambasaguas ; con la colaboración de María del Pilar Palomo.
250 _a1ª ed.
260 _aBarcelona :
_bPlaneta,
_c1957.
300 _a1 v. (XC, 1925, [10] p. de lám.) ;
_c19 cm.
504 _aBibliografía: p. 1913-1915.
505 8 _aContiene: Peñas arriba / José María de Pereda . Juanita la larga / Juan Valera . Misericordia / Benito Pérez Galdós . La conquista del reino maya / Ángel Ganivet . Paz en la guerra / Miguel de Unamuno
650 4 _aNovela española-
_yS.XIX
_915613
700 1 _aEntrambasaguas, Joaquín de,
_d1904-1995
_947309
700 1 _aPalomo, María del Pilar,
_d1933-
_9144616
700 1 _aPereda, José María de,
_d1833-1906
_990447
700 1 _aValera, Juan,
_d1824-1905
_9112638
700 1 _aPérez Galdós, Benito,
_d1843-1920
_990871
700 1 _aGanivet, Ángel,
_d1865-1898
_953864
700 1 _aUnamuno, Miguel de,
_d1864-1936
_9111982
740 0 2 _aPeñas arriba.
740 0 2 _aJuanita la larga.
740 0 2 _aMisericordia.
740 3 2 _aLa conquista del reino maya.
740 0 2 _aPaz en la guerra.
852 _aES-MaACL
_jE-14893
_xOlim P-241
942 _2udc
999 _c177699
_d177699